A TEXTBOOK OF BOTANY ANGLOSPERMS (Record no. 2997)

MARC details
000 -LEADER
fixed length control field 00397nam a22001697a 4500
003 - CONTROL NUMBER IDENTIFIER
control field OSt
005 - DATE AND TIME OF LATEST TRANSACTION
control field 20210909144459.0
008 - FIXED-LENGTH DATA ELEMENTS--GENERAL INFORMATION
fixed length control field 210909b |||||||| |||| 00| 0 eng d
020 ## - INTERNATIONAL STANDARD BOOK NUMBER
International Standard Book Number 8121904048
040 ## - CATALOGING SOURCE
Transcribing agency HU
082 ## - DEWEY DECIMAL CLASSIFICATION NUMBER
Classification number 580/PAN
100 ## - MAIN ENTRY--PERSONAL NAME
Personal name B.P. PANDEY
9 (RLIN) 2712
245 ## - TITLE STATEMENT
Title A TEXTBOOK OF BOTANY ANGLOSPERMS
260 ## - PUBLICATION, DISTRIBUTION, ETC.
Name of publisher, distributor, etc. RAM NAGAR,
Date of publication, distribution, etc. S.CHAND
Place of publication, distribution, etc. 2005
300 ## - PHYSICAL DESCRIPTION
Extent 990
942 ## - ADDED ENTRY ELEMENTS (KOHA)
Source of classification or shelving scheme Dewey Decimal Classification
Koha item type Books like text book referance book
Suppress in OPAC No
Holdings
Withdrawn status Lost status Source of classification or shelving scheme Damaged status Not for loan Home library Current library Shelving location Date acquired Total Checkouts Full call number Barcode Date last seen Copy number Price effective from Koha item type
    Dewey Decimal Classification     Natural & Computational Science Library Natural & Computational Science Library General Stacks 09/09/2021   580/PAN NSCLIB00007360 09/09/2021 1 09/09/2021 Books like text book referance book
    Dewey Decimal Classification     Natural & Computational Science Library Natural & Computational Science Library General Stacks 09/09/2021   580/PAN NSCLIB00007361 09/09/2021 2 09/09/2021 Books like text book referance book